| 000 | 00370nam a22001097a 4500 | ||
|---|---|---|---|
| 082 | _a338.96 76tan | ||
| 100 | _ajAMUHURI YA MUUNGANO WA TANZANIA | ||
| 245 | _aHali ya uchumi wa taifa katika mwaka 1985 | ||
| 260 |
_awizara ya mipango na uchumi Dar-es salaam _bkimepigwa cha na mpigachapawa serikali Dares salaam- Tanzania _c1984 |
||
| 300 |
_a152pages _btable |
||
| 942 | _cBK | ||
| 999 |
_c18678 _d18678 |
||